[Event "Koge Lang Sommerweekend 2023"]
[Site "Koge"]
[Date "2023.07.12"]
[Round "1"]
[White "Meskenas, Paulius"]
[Black "Koch Mueller, Oscar"]
[Result "1-0"]
[WhiteElo "2194"]
[BlackElo "2132"]
[PlyCount "103"]
[EventDate "2023.07.12"]
[EventType "tourn"]
[EventRounds "9"]
[EventCountry "DEN"]
[SourceTitle "Turneringssystemet"]

1. e4 e6 2. d4 d5 3. Nc3 Nf6 4. e5 Nfd7 5. Nce2 c5 6. c3 Nc6 7. Nf3 b5 8. Nf4
b4 9. c4 dxc4 10. d5 Ncxe5 11. dxe6 fxe6 12. Nxe5 Nxe5 13. Qh5+ Nf7 14. Bxc4
Bd6 15. Nxe6 Bxe6 16. Bxe6 Qe7 17. Qd5 Rd8 18. Be3 O-O 19. Bg5 Qxe6+ 20. Qxe6
Rde8 21. Qxe8 Rxe8+ 22. Be3 Ne5 23. O-O-O Nc4 24. Rde1 Be5 25. Re2 Nxe3 26.
fxe3 c4 27. g3 c3 28. bxc3 bxc3 29. Rd1 Re7 30. Rd5 Kf7 31. Kc2 Ke6 32. e4 Rb7
33. Ra5 Kd6 34. Kd3 Ke6 35. Ra6+ Ke7 36. Rf2 Rd7+ 37. Kc2 Rb7 38. Re2 Kd7 39.
Kd3 Ke7 40. g4 Rc7 41. Ra5 Ke6 42. Rb5 Rf7 43. a4 h6 44. a5 Rd7+ 45. Kc2 Rd6
46. Kb3 Rc6 47. Ra2 Ra6 48. Rc5 Kd6 49. Kc4 Bf4 50. Kb5 Be3 51. Rxc3 Bd4 52.
Rcc2 1-0

[Event "Koge Lang Sommerweekend 2023"]
[Site "Koge"]
[Date "2023.07.12"]
[Round "1"]
[White "Damm, Kasper Wilken"]
[Black "Johannessen, Heine N"]
[Result "0-1"]
[WhiteElo "2159"]
[BlackElo "2118"]
[PlyCount "84"]
[EventDate "2023.07.12"]
[EventType "tourn"]
[EventRounds "9"]
[EventCountry "DEN"]
[SourceTitle "Turneringssystemet"]

1. e4 c5 2. Nf3 g6 3. d4 cxd4 4. Nxd4 Nc6 5. c4 Nf6 6. Nc3 d6 7. Be2 Nxd4 8.
Qxd4 Bg7 9. Be3 O-O 10. Qd3 a5 11. O-O a4 12. Rac1 Qa5 13. Kh1 Bd7 14. f4 Bc6
15. f5 Nd7 16. Bd4 Ne5 17. Qe3 Nd7 18. Bxg7 Kxg7 19. Rf3 Qc5 20. Qd2 f6 21. Rh3
g5 22. Nd5 Bxd5 23. cxd5 Qb6 24. Rhc3 Ra5 25. g3 Rc5 26. Rxc5 Nxc5 27. Rc4 Ra8
28. Bd1 Ra5 29. Qd4 Rb5 30. b4 axb3 31. axb3 Rxb3 32. Bxb3 Qxb3 33. Rc3 Qb1+
34. Kg2 Qb2+ 35. Kh3 h5 36. g4 hxg4+ 37. Kxg4 Qg2+ 38. Rg3 Qxh2 39. Kf3 Qh1+
40. Rg2 Qh3+ 41. Rg3 Qf1+ 42. Ke3 Qf4+ 0-1

[Event "Koge Lang Sommerweekend 2023"]
[Site "Koge"]
[Date "2023.07.12"]
[Round "1"]
[White "Thorsbro, Peter"]
[Black "Bhagat, Kush"]
[Result "0-1"]
[WhiteElo "2202"]
[BlackElo "2184"]
[PlyCount "77"]
[EventDate "2023.07.12"]
[EventType "tourn"]
[EventRounds "9"]
[EventCountry "DEN"]
[SourceTitle "Turneringssystemet"]

1. d4 Nf6 2. c4 g6 3. g3 Bg7 4. Bg2 O-O 5. Nc3 d6 6. Nf3 Nbd7 7. O-O e5 8. e4
c6 9. h3 Qb6 10. c5 dxc5 11. dxe5 Ne8 12. e6 fxe6 13. Ng5 Ne5 14. f4 Nf7 15.
Nxf7 Bd4+ 16. Kh2 Rxf7 17. e5 Nc7 18. Ne4 Nd5 19. a4 a5 20. h4 Qd8 21. Ra3 b6
22. Raf3 Raa7 23. Ng5 Rf8 24. Re1 b5 25. h5 gxh5 26. Bh3 Qe8 27. f5 exf5 28. e6
Qg6 29. axb5 cxb5 30. Qb3 Ne7 31. Qxb5 Ra6 32. Qd3 h6 33. Nf7 Rxe6 34. Nxh6+
Kg7 35. Ref1 Ref6 36. Qe2 Nc6 37. Qc2 f4 38. Qd3 Qf5 39. Qxf5 0-1

[Event "Koge Lang Sommerweekend 2023"]
[Site "Koge"]
[Date "2023.07.12"]
[Round "1"]
[White "Jarlskov, Daniel Tuk Hartso"]
[Black "Eriksson, Christian Altenburg"]
[Result "1/2-1/2"]
[WhiteElo "2127"]
[BlackElo "2126"]
[PlyCount "53"]
[EventDate "2023.07.12"]
[EventType "tourn"]
[EventRounds "9"]
[EventCountry "DEN"]
[SourceTitle "Turneringssystemet"]

1. d4 d5 2. c4 c6 3. Nf3 Nf6 4. g3 Bf5 5. Bg2 e6 6. O-O Be7 7. Nc3 O-O 8. Nh4
Bg6 9. Nxg6 hxg6 10. Bg5 Nbd7 11. e3 dxc4 12. Qe2 Nb6 13. Nb1 Nfd5 14. Bxe7
Qxe7 15. e4 Nf6 16. Na3 c3 17. Nc4 cxb2 18. Nxb2 Rfd8 19. Rfd1 Qb4 20. Qd2 Qxd2
21. Rxd2 Rd7 22. Rad1 Rad8 23. Rd3 g5 24. h3 Kf8 25. Kf1 Rc7 26. Rc1 Rcd7 27.
Rcd1 1/2-1/2

[Event "Koge Lang Sommerweekend 2023"]
[Site "Koge"]
[Date "2023.07.12"]
[Round "2"]
[White "Meskenas, Paulius"]
[Black "Damm, Kasper Wilken"]
[Result "1-0"]
[WhiteElo "2194"]
[BlackElo "2159"]
[PlyCount "63"]
[EventDate "2023.07.12"]
[EventType "tourn"]
[EventRounds "9"]
[EventCountry "DEN"]
[SourceTitle "Turneringssystemet"]

1. e4 c5 2. Nf3 Nc6 3. c3 Nf6 4. e5 Nd5 5. d4 cxd4 6. cxd4 e6 7. Bd3 d6 8. O-O
Bd7 9. Nbd2 Nf4 10. Bb1 dxe5 11. dxe5 Ng6 12. Re1 Bb4 13. a3 Ba5 14. b4 Bc7 15.
Bb2 Nce7 16. Ne4 O-O 17. Qd2 Bc6 18. Qg5 Qd5 19. h4 Qb3 20. Qc1 Rfc8 21. Nc5
Qd5 22. Rd1 Nxe5 23. Rxd5 Nxf3+ 24. gxf3 Bxd5 25. Qg5 Ng6 26. Bxg6 hxg6 27. h5
Bd8 28. Qg4 g5 29. h6 Bf6 30. Bxf6 gxf6 31. Nd7 Kh7 32. Qh5 1-0

[Event "Koge Lang Sommerweekend 2023"]
[Site "Koge"]
[Date "2023.07.12"]
[Round "2"]
[White "Johannessen, Heine N"]
[Black "Thorsbro, Peter"]
[Result "1-0"]
[WhiteElo "2118"]
[BlackElo "2202"]
[PlyCount "103"]
[EventDate "2023.07.12"]
[EventType "tourn"]
[EventRounds "9"]
[EventCountry "DEN"]
[SourceTitle "Turneringssystemet"]

1. d4 d5 2. Nf3 Nf6 3. c4 e6 4. Nc3 Be7 5. Bf4 O-O 6. e3 a6 7. c5 b6 8. b4 a5
9. a3 axb4 10. axb4 Rxa1 11. Qxa1 Nh5 12. Bg3 bxc5 13. bxc5 Bd7 14. Bd3 Nc6 15.
Ne5 Nxe5 16. Bxe5 f6 17. Bg3 c6 18. Qa7 e5 19. O-O Nxg3 20. hxg3 exd4 21. exd4
f5 22. Na4 Bf6 23. Nb6 Be8 24. Qa4 g6 25. Re1 Rf7 26. Nxd5 Bg7 27. Bc4 Kf8 28.
Nf4 Re7 29. Ne6+ Rxe6 30. Bxe6 Qxd4 31. Qc2 Qb4 32. Qe2 Bc3 33. Rc1 Qxc5 34.
Ba2 Qe5 35. Qc4 Bd4 36. Qg8+ Ke7 37. Qxh7+ Kd6 38. Rd1 c5 39. Bc4 f4 40. gxf4
Qf5 41. Re1 Bd7 42. Qe7+ Kc6 43. Be6 Bxe6 44. Qxe6+ Qxe6 45. Rxe6+ Kd5 46. Rxg6
Ke4 47. Kf1 c4 48. Ke2 Kxf4 49. Rc6 c3 50. Rc4 Ke4 51. Kd1 Kd3 52. Rxd4+ 1-0

[Event "Koge Lang Sommerweekend 2023"]
[Site "Koge"]
[Date "2023.07.12"]
[Round "2"]
[White "Bhagat, Kush"]
[Black "Skytte, Rasmus"]
[Result "1/2-1/2"]
[WhiteElo "2184"]
[BlackElo "2351"]
[PlyCount "69"]
[EventDate "2023.07.12"]
[EventType "tourn"]
[EventRounds "9"]
[EventCountry "DEN"]
[SourceTitle "Turneringssystemet"]

1. d4 d5 2. Bf4 c5 3. e3 Nc6 4. c3 Bf5 5. Qb3 Qd7 6. Nf3 e6 7. Nh4 Be4 8. Nd2
h6 9. Nhf3 Bh7 10. dxc5 Bxc5 11. Ne5 Qc8 12. Nxc6 bxc6 13. c4 Ne7 14. cxd5 Nxd5
15. Bg3 O-O 16. Qc4 Bxe3 17. fxe3 Nxe3 18. Qc3 Nc2+ 19. Kf2 Nxa1 20. Bd3 Bxd3
21. Qxd3 Qd8 22. Qc3 Qb6+ 23. Kf3 Rad8 24. Rxa1 Rd5 25. Nc4 Rf5+ 26. Ke2 Qa6
27. b3 Rd8 28. a4 Rdd5 29. Rf1 Rxf1 30. Kxf1 f6 31. Qb4 e5 32. Qb8+ Kh7 33. Bf2
Rd1+ 34. Ke2 Rd7 35. Bc5 1/2-1/2

[Event "Koge Lang Sommerweekend 2023"]
[Site "Koge"]
[Date "2023.07.12"]
[Round "2"]
[White "Jacobsen, Mikkel Manosri"]
[Black "Jarlskov, Daniel Tuk Hartso"]
[Result "1-0"]
[WhiteElo "2346"]
[BlackElo "2127"]
[PlyCount "137"]
[EventDate "2023.07.12"]
[EventType "tourn"]
[EventRounds "9"]
[EventCountry "DEN"]
[SourceTitle "Turneringssystemet"]

1. d4 d5 2. c4 e6 3. Nc3 c5 4. cxd5 exd5 5. Nf3 Nc6 6. g3 Nf6 7. Bg2 Be7 8. O-O
O-O 9. b3 Bg4 10. Bb2 Bxf3 11. Bxf3 Nxd4 12. Bg2 Rc8 13. e3 Nc6 14. Nxd5 Nxd5
15. Qxd5 Qxd5 16. Bxd5 Rfd8 17. Rfd1 Rd6 18. a3 Kf8 19. e4 Bf6 20. Bxf6 gxf6
21. Kg2 Ne7 22. Bxb7 Rxd1 23. Rxd1 Rb8 24. Ba6 Rxb3 25. Rd8+ Kg7 26. a4 Rb4 27.
Bb5 Rxe4 28. Ra8 Nd5 29. Rxa7 Nc3 30. Bc6 Re6 31. Rc7 Re1 32. Bb5 Re4 33. Kf3
f5 34. Rxc5 Nxa4 35. Rxf5 Rb4 36. Be8 f6 37. Ra5 Nc3 38. Ra7+ Kh6 39. Bf7 Ne4
40. h4 Nd6 41. Bg8 Rb7 42. Ra6 Ne8 43. Bd5 Re7 44. Bc4 Kg7 45. Kf4 Nc7 46. Rc6
Rd7 47. g4 Nd5+ 48. Ke4 Nc3+ 49. Kf5 Nd1 50. Rc8 h6 51. Be6 Ra7 52. Rg8+ Kh7
53. Kxf6 Nxf2 54. Rc8 Ne4+ 55. Ke5 Nd2 56. Bd5 Rd7 57. Rc1 Re7+ 58. Kf6 Rd7 59.
Ke6 Rd8 60. Rc7+ Kg6 61. Re7 Rb8 62. Ke5 Rb4 63. Bf7+ Kg7 64. Be6+ Kf8 65. Rh7
Re4+ 66. Kf6 Rf4+ 67. Bf5 Kg8 68. Rd7 Ne4+ 69. Ke5 1-0

[Event "Koge Lang Sommerweekend 2023"]
[Site "Koge"]
[Date "2023.07.12"]
[Round "2"]
[White "Koch Mueller, Oscar"]
[Black "Eriksson, Christian Altenburg"]
[Result "1-0"]
[WhiteElo "2132"]
[BlackElo "2126"]
[PlyCount "75"]
[EventDate "2023.07.12"]
[EventType "tourn"]
[EventRounds "9"]
[EventCountry "DEN"]
[SourceTitle "Turneringssystemet"]

1. d4 d5 2. c4 c6 3. Nc3 Nf6 4. e3 Bf5 5. cxd5 cxd5 6. Qb3 Nc6 7. Qxb7 Bd7 8.
Qb3 Rb8 9. Qd1 e5 10. dxe5 Nxe5 11. Nge2 Bd6 12. Nf4 O-O 13. Be2 Bc6 14. O-O
Ng6 15. Nxg6 hxg6 16. Bf3 Qe7 17. g3 Rfd8 18. Ne2 Bb5 19. Re1 Bb4 20. Bd2 Bxe2
21. Rxe2 Qe5 22. Bxb4 Rxb4 23. b3 Ne4 24. Bxe4 Rxe4 25. Rd2 d4 26. Rc1 Qd5 27.
Rc4 d3 28. Rc3 Qa5 29. Rdxd3 Rxd3 30. Rc8+ Kh7 31. Qxd3 Re5 32. Qd8 Qe1+ 33.
Kg2 g5 34. Qg8+ Kg6 35. Rc6+ f6 36. Rc7 Kf5 37. Qh7+ g6 38. Qd7+ 1-0

[Event "Koge Lang Sommerweekend 2023"]
[Site "Koge"]
[Date "2023.07.13"]
[Round "3"]
[White "Thorsbro, Peter"]
[Black "Meskenas, Paulius"]
[Result "0-1"]
[WhiteElo "2202"]
[BlackElo "2194"]
[PlyCount "96"]
[EventDate "2023.07.12"]
[EventType "tourn"]
[EventRounds "9"]
[EventCountry "DEN"]
[SourceTitle "Turneringssystemet"]

1. d4 Nf6 2. c4 g6 3. g3 c6 4. Bg2 d5 5. Nf3 Bg7 6. O-O O-O 7. Ne5 Be6 8. cxd5
Bxd5 9. Bh3 Nfd7 10. Nxd7 Nxd7 11. Nc3 Bc4 12. b3 Ba6 13. Be3 Nb6 14. Rc1 Nd5
15. Nxd5 Qxd5 16. Bg2 Qd6 17. Qd2 Rfd8 18. Rfd1 Rd7 19. Bf3 e5 20. d5 Qe7 21.
Qc2 cxd5 22. Rxd5 Rxd5 23. Bxd5 Rd8 24. Qc7 Bf6 25. Bf3 Qe6 26. Bxa7 e4 27. Bg2
Kg7 28. Qc2 Re8 29. Qd2 Qg4 30. Bd4 Qxe2 31. Bxf6+ Kxf6 32. Qd4+ Kg5 33. Bf1
Qxa2 34. Qg7 e3 35. h4+ Kg4 36. Qd4+ Kh5 37. fxe3 Qxb3 38. Re1 Bxf1 39. Kxf1
Qb5+ 40. Kg2 Qe5 41. Qd1+ Kh6 42. Qb3 Qe4+ 43. Kh3 Kg7 44. Rb1 h5 45. Qxb7 Qg4+
46. Kh2 Rxe3 47. Rb2 Qxg3+ 48. Kh1 Re1# 0-1

[Event "Koge Lang Sommerweekend 2023"]
[Site "Koge"]
[Date "2023.07.13"]
[Round "3"]
[White "Damm, Kasper Wilken"]
[Black "Koch Mueller, Oscar"]
[Result "1-0"]
[WhiteElo "2159"]
[BlackElo "2132"]
[PlyCount "131"]
[EventDate "2023.07.12"]
[EventType "tourn"]
[EventRounds "9"]
[EventCountry "DEN"]
[SourceTitle "Turneringssystemet"]

1. e4 e6 2. d4 d5 3. Nd2 c5 4. exd5 Qxd5 5. Ngf3 cxd4 6. Bc4 Qd7 7. O-O Nc6 8.
Nb3 a6 9. Nbxd4 Nxd4 10. Nxd4 Qc7 11. Bd3 Bd6 12. h3 Nf6 13. Re1 O-O 14. c3 b6
15. Bg5 Nd5 16. c4 Nf4 17. Be4 Bb7 18. Qf3 Bxe4 19. Rxe4 Ng6 20. Qe2 Rac8 21.
b3 h6 22. Bd2 Bh2+ 23. Kh1 Be5 24. Re1 Bf6 25. a4 Rfd8 26. Bc3 b5 27. axb5 axb5
28. Nxb5 Qb7 29. Bxf6 gxf6 30. Re3 Rc5 31. Rg3 Re5 32. Qf1 Rf5 33. Kg1 Qb6 34.
Re2 Kh7 35. Qc1 Qa5 36. Nc3 Qb6 37. Ne4 Rd4 38. Qc2 Qb7 39. Rge3 Rd8 40. Rd2
Ra8 41. Nd6 Ra1+ 42. Rd1 Rxd1+ 43. Qxd1 Qd7 44. Rd3 Rg5 45. Rd4 e5 46. Rg4 Rh5
47. Qd5 f5 48. Rg3 Nf4 49. Qd2 Ne6 50. Qe2 Nf4 51. Qxe5 Ng6 52. Qf6 f4 53. Rd3
Nh8 54. Qxf4 Ra5 55. Rf3 f5 56. b4 Ng6 57. Qd4 Ra6 58. c5 Qe7 59. Re3 Qa7 60.
Nxf5 h5 61. Nd6 Ra1+ 62. Kh2 Ra2 63. Rf3 Kh6 64. Qe3+ Kg7 65. Rf7+ Qxf7 66.
Nxf7 1-0

[Event "Koge Lang Sommerweekend 2023"]
[Site "Koge"]
[Date "2023.07.13"]
[Round "3"]
[White "Skytte, Rasmus"]
[Black "Johannessen, Heine N"]
[Result "1-0"]
[WhiteElo "2351"]
[BlackElo "2118"]
[PlyCount "101"]
[EventDate "2023.07.12"]
[EventType "tourn"]
[EventRounds "9"]
[EventCountry "DEN"]
[SourceTitle "Turneringssystemet"]

1. e4 c5 2. Nf3 g6 3. Bc4 Bg7 4. c3 e6 5. d4 cxd4 6. Bb3 d5 7. exd5 exd5 8.
Nxd4 Ne7 9. O-O Nbc6 10. Be3 O-O 11. h3 h6 12. Na3 a6 13. Qd2 Kh7 14. Rad1 Na5
15. Rfe1 b5 16. Nf3 Be6 17. Nc2 Nc4 18. Bxc4 dxc4 19. Bc5 Qxd2 20. Rxd2 Rfe8
21. Ncd4 Nd5 22. Nxe6 fxe6 23. g3 a5 24. Bd4 b4 25. Bxg7 Kxg7 26. Rd4 bxc3 27.
bxc3 Kf6 28. Ne5 g5 29. Rxc4 Rac8 30. Ng4+ Kg7 31. Rxc8 Rxc8 32. Rxe6 Rxc3 33.
Nxh6 Ra3 34. Nf5+ Kf7 35. Re2 Ra4 36. Nd6+ Kf6 37. Ne4+ Kf5 38. Nc5 Ra3 39. Nb3
Nb4 40. Rd2 Ke4 41. h4 gxh4 42. gxh4 Nxa2 43. Nc5+ Kf5 44. Rd5+ Kf4 45. h5 Nb4
46. Ne6+ Ke4 47. Rb5 Kf3 48. h6 Ra1+ 49. Kh2 Nd3 50. h7 Nxf2 51. Rf5+ 1-0

[Event "Koge Lang Sommerweekend 2023"]
[Site "Koge"]
[Date "2023.07.13"]
[Round "3"]
[White "Eriksson, Christian Altenburg"]
[Black "Jacobsen, Mikkel Manosri"]
[Result "0-1"]
[WhiteElo "2126"]
[BlackElo "2346"]
[PlyCount "84"]
[EventDate "2023.07.12"]
[EventType "tourn"]
[EventRounds "9"]
[EventCountry "DEN"]
[SourceTitle "Karsten Jacobsen"]

1. e4 c6 2. d4 d5 3. e5 Bf5 4. Nf3 e6 5. Be2 Ne7 6. O-O h6 7. Nbd2 Nd7 8. Nb3
g5 9. a4 a5 10. Be3 Bg7 11. Ne1 Qc7 12. Nd3 b6 13. c3 Bg6 14. Bh5 c5 15. dxc5
bxc5 16. Bxg6 Nxg6 17. Nbxc5 Ndxe5 18. Nxe5 Bxe5 19. h3 O-O 20. Qh5 Kg7 21. Bd4
Bxd4 22. cxd4 Rfb8 23. b3 Rb4 24. Rac1 Qd6 25. Rfd1 Nh4 26. g3 Nf5 27. Qg4 Kg6
28. h4 Qe7 29. hxg5 Qxg5 30. Qxg5+ hxg5 31. Nd3 Rxd4 32. Ne5+ Kf6 33. Nc6 Rxd1+
34. Rxd1 Ne7 35. Nd4 Rc8 36. Nb5 Rc2 37. Nd6 Nc6 38. Rb1 Ke7 39. Nb5 g4 40. Kf1
Nb4 41. Nd4 Rd2 42. Ne2 Nd3 0-1

[Event "Koge Lang Sommerweekend 2023"]
[Site "Koge"]
[Date "2023.07.13"]
[Round "4"]
[White "Bhagat, Kush"]
[Black "Eriksson, Christian Altenburg"]
[Result "1-0"]
[WhiteElo "2184"]
[BlackElo "2126"]
[PlyCount "91"]
[EventDate "2023.07.12"]
[EventType "tourn"]
[EventRounds "9"]
[EventCountry "DEN"]
[SourceTitle "Turneringssystemet"]

1. d4 d5 2. Bf4 Nf6 3. e3 c5 4. Nf3 Nc6 5. Nbd2 Bg4 6. c3 e6 7. Qb3 Qc8 8. h3
Bh5 9. Be2 Be7 10. O-O O-O 11. Rfe1 h6 12. Bh2 Bg6 13. Ne5 Nxe5 14. Bxe5 c4 15.
Qd1 b5 16. Bf3 Qd7 17. e4 dxe4 18. Nxe4 Nxe4 19. Bxe4 Bxe4 20. Rxe4 f6 21. Bf4
f5 22. Re3 Bd6 23. Qf3 Rae8 24. Rae1 a5 25. Bxd6 Qxd6 26. Re5 Qd7 27. Qh5 Rf6
28. Qe2 f4 29. Qh5 Kh7 30. d5 f3 31. dxe6 Qe7 32. g3 b4 33. Qg4 bxc3 34. bxc3
Rd8 35. Qxc4 Rd2 36. Qc5 Qe8 37. e7 Rg6 38. Rf5 Rxg3+ 39. fxg3 Rg2+ 40. Kh1
Rxg3 41. Rh5 f2 42. Qf5+ g6 43. Qxf2 Qc6+ 44. Kh2 Rf3 45. Qg2 Qd6+ 46. Rhe5 1-0

[Event "Koge Lang Sommerweekend 2023"]
[Site "Koge"]
[Date "2023.07.13"]
[Round "4"]
[White "Koch Mueller, Oscar"]
[Black "Jacobsen, Mikkel Manosri"]
[Result "0-1"]
[WhiteElo "2132"]
[BlackElo "2346"]
[PlyCount "116"]
[EventDate "2023.07.12"]
[EventType "tourn"]
[EventRounds "9"]
[EventCountry "DEN"]
[SourceTitle "Turneringssystemet"]

1. d4 d5 2. c4 e6 3. Nc3 a6 4. cxd5 exd5 5. Nf3 h6 6. Ne5 Nf6 7. e4 Be7 8. exd5
O-O 9. Bc4 Nbd7 10. Nxd7 Qxd7 11. a4 b6 12. O-O Bb7 13. Bf4 Bb4 14. Qb3 Bxc3
15. bxc3 Bxd5 16. Be5 Bxc4 17. Qxc4 Nd5 18. a5 Qb5 19. Qxb5 axb5 20. Rfb1 c6
21. axb6 Nxb6 22. Kf1 Nd5 23. Rxa8 Rxa8 24. Rc1 Ra4 25. Ke2 f6 26. Bd6 Kf7 27.
Kd3 Rc4 28. g3 h5 29. Bf4 Ra4 30. c4 Ra3+ 31. Kd2 Ra2+ 32. Ke1 Nb4 33. Rc3 Rc2
34. Rxc2 Nxc2+ 35. Kd2 Nxd4 36. cxb5 cxb5 37. Be3 Nc6 38. Kd3 Ke6 39. Ke4 b4
40. Bc1 f5+ 41. Kd3 Kd5 42. f4 Nd4 43. Bd2 Nc6 44. Bc1 g6 45. Be3 Nb8 46. Bc1
Na6 47. Be3 Nc5+ 48. Kc2 Kc4 49. Bxc5 Kxc5 50. Kb3 Kb5 51. Kb2 Kc4 52. Kc2 h4
53. gxh4 Kd4 54. Kb3 Ke4 55. Kxb4 Kxf4 56. Kc4 Ke4 57. Kc3 Ke3 58. Kc2 Ke2 0-1

[Event "Koge Lang Sommerweekend 2023"]
[Site "Koge"]
[Date "2023.07.14"]
[Round "5"]
[White "Skytte, Rasmus"]
[Black "Damm, Kasper Wilken"]
[Result "1/2-1/2"]
[WhiteElo "2351"]
[BlackElo "2159"]
[PlyCount "57"]
[EventDate "2023.07.12"]
[EventType "tourn"]
[EventRounds "9"]
[EventCountry "DEN"]
[SourceTitle "Turneringssystemet"]

1. e4 c5 2. Nf3 Nc6 3. Bc4 e6 4. O-O a6 5. d4 cxd4 6. Nxd4 Qc7 7. Nxc6 bxc6 8.
Re1 e5 9. a4 Nf6 10. a5 Be7 11. Nc3 O-O 12. Qd3 d6 13. Be3 Qb7 14. Bb3 Be6 15.
Bb6 Bxb3 16. cxb3 Nd7 17. Na4 f5 18. exf5 d5 19. Rac1 e4 20. Qc2 Rac8 21. f3
Bg5 22. Be3 Rxf5 23. fxe4 Bxe3+ 24. Rxe3 Re5 25. Kh1 Qb4 26. Qe2 Qxa5 27. exd5
Rxe3 28. Qxe3 Qxd5 29. Qe2 1/2-1/2

[Event "Koge Lang Sommerweekend 2023"]
[Site "Koge"]
[Date "2023.07.14"]
[Round "5"]
[White "Thorsbro, Peter"]
[Black "Koch Mueller, Oscar"]
[Result "1-0"]
[WhiteElo "2202"]
[BlackElo "2132"]
[PlyCount "95"]
[EventDate "2023.07.12"]
[EventType "tourn"]
[EventRounds "9"]
[EventCountry "DEN"]
[SourceTitle "Turneringssystemet"]

1. d4 e6 2. c4 Nf6 3. g3 Bb4+ 4. Nd2 O-O 5. Bg2 d5 6. Ngf3 a5 7. O-O a4 8. Qc2
Nc6 9. Rd1 Bd7 10. a3 Be7 11. e4 dxe4 12. Nxe4 Nxe4 13. Qxe4 Na5 14. Ne5 Bc6
15. Nxc6 bxc6 16. Bf4 Rb8 17. d5 Bc5 18. dxe6 Qe7 19. Rd7 Qxe6 20. Qxe6 fxe6
21. Bh3 Rbe8 22. Bxc7 Rxf2 23. Kh1 Nb3 24. Re1 Nd4 25. Bg4 Rf7 26. Rxf7 Kxf7
27. Be5 Nc2 28. Rf1+ Kg6 29. Bf3 Ne3 30. Be4+ Kh6 31. Rf7 Re7 32. Bf4+ g5 33.
Rxe7 gxf4 34. Rxe6+ Kg7 35. gxf4 Nd1 36. Bf3 Nxb2 37. Be2 Bxa3 38. Rxc6 Bb4 39.
Ra6 Bd2 40. f5 Kf7 41. Kg2 Be3 42. Kf3 Bc5 43. Ke4 Ke7 44. Kd5 Bb4 45. f6+ Kf7
46. Bh5+ Kg8 47. Ra8+ Bf8 48. Ke6 1-0

[Event "Koge Lang Sommerweekend 2023"]
[Site "Koge"]
[Date "2023.07.14"]
[Round "5"]
[White "Jacobsen, Mikkel Manosri"]
[Black "Bhagat, Kush"]
[Result "1/2-1/2"]
[WhiteElo "2346"]
[BlackElo "2184"]
[PlyCount "92"]
[EventDate "2023.07.12"]
[EventType "tourn"]
[EventRounds "9"]
[EventCountry "DEN"]
[SourceTitle "Turneringssystemet"]

1. d4 Nf6 2. c4 g6 3. g3 Bg7 4. Bg2 O-O 5. Nc3 d6 6. Nf3 Nc6 7. h3 a6 8. O-O
Rb8 9. e4 e5 10. dxe5 dxe5 11. Be3 Be6 12. b3 h6 13. Qc1 Kh7 14. Rd1 Qc8 15.
Kh2 Rd8 16. Qb2 b5 17. cxb5 axb5 18. Rxd8 Qxd8 19. Rd1 Qe8 20. Qb1 Qc8 21. Bf1
b4 22. Na4 Nd7 23. Qc2 Nd8 24. Rc1 c6 25. Nd2 Qc7 26. Nc4 f5 27. Rd1 Nf7 28.
exf5 Bxf5 29. Bd3 Bxd3 30. Qxd3 Nf6 31. Bb6 Qc8 32. Nd6 Qd7 33. Nxf7 Qxf7 34.
Qf3 Qe6 35. Bc5 Nd5 36. Kg2 Qf5 37. Rc1 e4 38. Qxf5 gxf5 39. Rc4 Be5 40. Kf1 h5
41. h4 Kg7 42. Ke2 Kf7 43. Be3 Rc8 44. Bc5 Rb8 45. Be3 Rc8 46. Bc5 Rb8 1/2-1/2

[Event "Koge Lang Sommerweekend 2023"]
[Site "Koge"]
[Date "2023.07.14"]
[Round "6"]
[White "Meskenas, Paulius"]
[Black "Eriksson, Christian Altenburg"]
[Result "1-0"]
[WhiteElo "2194"]
[BlackElo "2126"]
[PlyCount "127"]
[EventDate "2023.07.12"]
[EventType "tourn"]
[EventRounds "9"]
[EventCountry "DEN"]
[SourceTitle "Turneringssystemet"]

1. e4 c5 2. Nf3 Nc6 3. c3 Nf6 4. e5 Nd5 5. d4 cxd4 6. cxd4 d6 7. Bc4 dxe5 8.
dxe5 Ndb4 9. Qxd8+ Nxd8 10. Na3 Be6 11. Be2 Ndc6 12. b3 g6 13. O-O Bg7 14. Bb2
O-O 15. Nc4 h6 16. a3 Nd5 17. Rfe1 Rfd8 18. Bf1 Nf4 19. Re3 Nd5 20. Ree1 Nf4
21. Bc3 Bg4 22. Re4 g5 23. Ne3 Be6 24. g3 Nd5 25. Bb2 Rd7 26. Nc4 Rad8 27. b4
a6 28. Rc1 Nc7 29. Ree1 Bg4 30. Kg2 Nd5 31. h3 Bf5 32. Ncd2 Rc8 33. Nd4 Be6 34.
Nxe6 fxe6 35. Nb3 Rdc7 36. Nc5 Nd8 37. Be2 a5 38. Bf3 Nb6 39. bxa5 Rxc5 40.
Rxc5 Rxc5 41. axb6 Nc6 42. Bxc6 Rxc6 43. Bd4 Kf8 44. f4 Ke8 45. Kf3 Kd7 46. h4
gxh4 47. gxh4 Rc4 48. Ke4 Bf8 49. Ra1 h5 50. a4 Bh6 51. Kd3 Rc8 52. Be3 Ra8 53.
a5 Bf8 54. Kc4 Kc6 55. Kb4 Kd7 56. Rd1+ Kc8 57. Bc5 Rb8 58. Kb5 Ra8 59. Bb4 Rb8
60. Rd4 Ra8 61. Kc4 Rb8 62. Kd3 Ra8 63. Ke4 Rb8 64. f5 1-0

[Event "Koge Lang Sommerweekend 2023"]
[Site "Koge"]
[Date "2023.07.14"]
[Round "6"]
[White "Thorsbro, Peter"]
[Black "Skytte, Rasmus"]
[Result "1-0"]
[WhiteElo "2202"]
[BlackElo "2351"]
[PlyCount "91"]
[EventDate "2023.07.12"]
[EventType "tourn"]
[EventRounds "9"]
[EventCountry "DEN"]
[SourceTitle "Turneringssystemet"]

1. d4 d5 2. c4 dxc4 3. Nf3 Nf6 4. e3 Bg4 5. Nbd2 e6 6. Be2 Nbd7 7. O-O Be7 8.
Nxc4 O-O 9. h3 Bh5 10. b3 c5 11. Bb2 Rc8 12. Rc1 a6 13. Nce5 cxd4 14. Rxc8 Qxc8
15. Nxd7 Qxd7 16. g4 Bg6 17. Ne5 Qc7 18. Nxg6 hxg6 19. Bxd4 Nd5 20. Bf3 Rd8 21.
Qa1 Bf6 22. Bxf6 Nxf6 23. Rc1 Qe7 24. Qe5 b5 25. Rc6 Qa3 26. Qc7 Rf8 27. Rc2
Qb4 28. Qb6 Qe1+ 29. Kg2 Qb1 30. Rd2 Ne4 31. Rd4 Ng5 32. Rd8 Nh7 33. Rxf8+ Nxf8
34. Qxa6 b4 35. Qa4 g5 36. Qxb4 Qxa2 37. Qb8 f6 38. b4 Kf7 39. Bc6 Qc4 40. b5
f5 41. gxf5 exf5 42. Qc7+ Kg8 43. Qd8 Qc5 44. Qd5+ Qxd5+ 45. Bxd5+ Kh7 46. Bc6
1-0

[Event "Koge Lang Sommerweekend 2023"]
[Site "Koge"]
[Date "2023.07.14"]
[Round "6"]
[White "Johannessen, Heine N"]
[Black "Jacobsen, Mikkel Manosri"]
[Result "0-1"]
[WhiteElo "2118"]
[BlackElo "2346"]
[PlyCount "68"]
[EventDate "2023.07.12"]
[EventType "tourn"]
[EventRounds "9"]
[EventCountry "DEN"]
[SourceTitle "Karsten Jacobsen"]

1. d4 c5 2. Nf3 cxd4 3. Nxd4 d5 4. g3 e5 5. Nb3 Nf6 6. Bg2 Be7 7. Bg5 Nbd7 8.
O-O O-O 9. e3 h6 10. Bxf6 Nxf6 11. a4 Bg4 12. Qd3 Qd7 13. Nc3 Rfd8 14. a5 Rac8
15. Rfc1 h5 16. Qb5 Rc6 17. Na4 Rxc2 18. Qxd7 Rxc1+ 19. Rxc1 Bxd7 20. Nac5 Bc6
21. Nd2 Nd7 22. Nd3 a6 23. Bh3 Bd6 24. Nb3 Kf8 25. Ndc5 Nxc5 26. Nxc5 Bxc5 27.
Rxc5 d4 28. exd4 Rxd4 29. Rc1 Ra4 30. Bg2 e4 31. Kf1 Rxa5 32. Ke2 Rb5 33. Rc2
Rb3 34. Kd2 e3+ 0-1

[Event "Koge Lang Sommerweekend 2023"]
[Site "Koge"]
[Date "2023.07.14"]
[Round "6"]
[White "Koch Mueller, Oscar"]
[Black "Bhagat, Kush"]
[Result "0-1"]
[WhiteElo "2132"]
[BlackElo "2184"]
[PlyCount "102"]
[EventDate "2023.07.12"]
[EventType "tourn"]
[EventRounds "9"]
[EventCountry "DEN"]
[SourceTitle "Turneringssystemet"]

1. d4 Nf6 2. c4 g6 3. Nc3 Bg7 4. e4 d6 5. h3 O-O 6. Be3 e5 7. d5 a5 8. g4 Na6
9. Nf3 Nd7 10. a3 Rb8 11. Nd2 Ndc5 12. Be2 c6 13. h4 cxd5 14. cxd5 f5 15. gxf5
gxf5 16. f3 Bd7 17. Bb5 Bxb5 18. Nxb5 Nd3+ 19. Kf1 Nac5 20. Bxc5 Nxc5 21. exf5
Rxf5 22. Qc2 Rf4 23. Ke2 Qb6 24. Nc3 Qa6+ 25. Kd1 Bh6 26. Ne2 Rf7 27. Rg1+ Kh8
28. Qc3 Rbf8 29. Rg3 Qb5 30. b4 Na4 31. Qb3 Nb6 32. bxa5 Qxa5 33. Qb4 Qxd5 34.
Ke1 Bxd2+ 35. Qxd2 Qxd2+ 36. Kxd2 Rxf3 37. Rxf3 Rxf3 38. Rb1 Nc4+ 39. Ke1 b6
40. Rb4 d5 41. Rb5 d4 42. Rb4 Nxa3 43. Rxb6 Re3 44. Kd1 Rh3 45. Re6 d3 46. Nc3
Nc4 47. Ke1 d2+ 48. Ke2 Re3+ 49. Kf2 Rxc3 50. Re8+ Kg7 51. Rd8 Rc1 0-1